000 00488nam a22001817a 4500
008 150709b xxu||||| |||| 00| 0 alb d
020 _a9789989108259
041 0 _aalb
080 _a809.18
100 _aLloshi, Xhevat ;
245 _aStilistika e gjuhës shqipe dhe pragmatika /
_cXhevat Lloshi.
250 _a2nd Edition
260 _aTetovë :
_bAlbas ;
_c2005.
300 _a350 f.;
_c23 cm.
650 0 _aGjuha shqipe
650 0 _aStilistika dhe pragmatizmi
942 _2udc
_cBK
999 _c1102
_d1102